000 00725nam a2200205Ii 4500
003 JO-AjNU
008 230605s9999||||xx |||||||||||||| ||und||
017 _a1972/4869
040 _aJO-AjNU
_bara
_erda
_cJO-AjNU
041 _aara
050 1 4 _aHB883.F7.1972
100 3 _aفرانكل،ليليان ب؛ترجمة احمد فؤاد نجيب,
_eauthor
_98201
245 0 0 _aهذا العالم المزدحم :مقدمة لدراسة علم السكان
264 3 1 _aالقاهرة:دار نهضة مصر،1972
300 _a71ص
_bيحتوي على صور فتوغرافية
336 _atext
_btxt
_2rdacontent
337 _aunmediated
_bn
_2rdamedia
338 _avolume
_bnc
_2rdacarrier
650 4 _aالسكان
_98202
999 _aA668
_c4236
_d4236